Evaluación en la educación secundaria: elementos para la reflexión y recursos para la práctica

Kaydedildi:
Detaylı Bibliyografya
Asıl Yazarlar: Giné Freixes, Núria (Yazar), Parcerisa Aran, Artur (Yazar)
Materyal Türü: Kitap
Dil:İspanyolca
Baskı/Yayın Bilgisi: Barcelona Graó 2000
Edisyon:1a. ed
Seri Bilgileri:Metodología y Recursos, 153
Konular:
Etiketler: Etiketle
Etiket eklenmemiş, İlk siz ekleyin!

MARC

LEADER 00000nam a2200000 a 4500
001 UCN6085
003 CL-VaPUC
008 010913e20000000SP |||||||||||||||||spa|d
020 |a 8478272453 
082 0 4 |a 373.011  |b GIN  |2 21 
100 |a Giné Freixes, Núria  |e author  |9 555561 
700 |a Parcerisa Aran, Artur  |e author  |9 594108 
245 1 0 |a Evaluación en la educación secundaria: elementos para la reflexión y recursos para la práctica 
250 |a 1a. ed 
300 |a 156 p 
942 |c BK 
945 |d 20010913 00:00:00  |a crobeson 
260 |a Barcelona  |b Graó  |c 2000 
650 0 |a Evaluación  |9 271902 
650 7 |a METODOLOGIA DE LA EDUCACION  |2 CL-VaPUC  |9 392172 
650 0 |a Métodos de enseñanza  |9 270413 
583 |a last modification  |c 20010913 00:00:00  |k Rodrigo Vera 
490 0 |a Metodología y Recursos, 153 
999 |c 297169  |d 297167 
952 |0 0  |1 0  |4 0  |6 373_011000000000000_GIN_2000  |7 0  |8 A  |9 351665  |a FDOPOS  |b FDOPOS  |d 2019-11-21  |i 3755509  |o 373.011 GIN 2000  |p 3755509  |r 2025-01-22  |w 2019-11-21  |y BK  |k MLA 
952 |0 0  |1 0  |4 0  |6 373_011000000000000_GIN_2000  |7 0  |8 A  |9 351666  |a BIBEDU  |b BIBEDU  |d 2019-11-21  |i 3751651  |o 373.011 GIN 2000  |p 3751651  |r 2019-11-21  |w 2019-11-21  |y BK  |k EDU 
952 |0 0  |1 0  |4 0  |6 373_011000000000000_GIN_2000  |7 0  |8 A  |9 351667  |a BIBCUR  |b BIBCUR  |d 2019-11-21  |i 4225163  |o 373.011 GIN 2000  |p 4225163  |r 2025-04-22  |w 2019-11-21  |y BK  |k BCB